The Vatican's "Important Films" - Statistics

General Stats
  • This quiz has been taken 57 times
  • The average score is 15 of 21
Answer Stats
Year Hint Film % Correct
1993 Holocaust drama about a businessman who saves Jewish workers Schindler's List
96%
1968 Visionary sci-fi with HAL 9000 and a mysterious monolith 2001: A Space Odyssey
94%
1959 Roman epic known for its legendary chariot race Ben-Hur
89%
1940 Animated orchestral film with Mickey as sorcerer’s apprentice Fantasia
89%
1982 Biographical epic about nonviolent independence leader Gandhi
87%
1922 Silent German vampire classic Nosferatu
87%
1939 Technicolor musical journey featuring ruby slippers The Wizard of Oz
87%
1941 Film about a newspaper tycoon who says "rosebud" Citizen Kane
81%
1981 British runners compete in the 1924 Olympics to the sound of Vangelis Chariots of Fire
80%
1946 Small-town banker sees the world as if he’d never been born It's a Wonderful Life
74%
1928 Silent French masterpiece about patron saint of France The Passion of Joan of Arc
72%
1927 Fritz Lang sci-fi epic set in a futuristic class-divided city Metropolis
70%
1948 Italian neorealist story of a father searching Rome for a stolen bike Bicycle Thieves
67%
1954 Dockworker says “I coulda been a contender” On the Waterfront
67%
1936 Charlie Chaplin battles industrial machinery as the Tramp Modern Times
65%
1933 Early screen version of the March sisters’ coming-of-age story Little Women
57%
1957 Medieval knight plays chess with Death on a beach The Seventh Seal
57%
1963 Fellini's surreal film about a director with creative block 8 1/2
56%
1989 Ten-part Polish drama inspired by the Ten Commandments Dekalog
35%
1937 French POW drama about class and humanity during World War I La Grande Illusion
24%
1957 Elderly professor reexamines his life during a reflective road trip Wild Strawberries
22%
No matching quizzes found
Score Distribution
Percent of People with Each Score
Percentile by Number Answered
Your Score History
You have not taken this quiz